[Event "Dundee & Angus Congress Major"]
[Site "Dundee"]
[Date "2011.10.15"]
[Round "2"]
[White "Cunningham, Jim M"]
[Black "Shannon, Adam"]
[Result "1-0"]
[WhiteElo "1611"]
[BlackElo "1253"]
[PlyCount "51"]
[EventDate "2011.10.14"]
[EventType "swiss"]
[EventRounds "5"]
[EventCountry "SCO"]
[SourceTitle "EXT 2023"]
[Source "ChessBase"]
[SourceDate "2022.10.05"]
[SourceVersion "1"]
[SourceVersionDate "2022.10.05"]
[SourceQuality "1"]

1. e4 e5 2. Nf3 Nc6 3. Bc4 Bc5 4. b4 Bxb4 5. c3 Bc5 6. d4 exd4 7. 0-0 dxc3 8. Bxf7+ Kxf7 9. Qd5+ Kf8 10. Qxc5+ d6 11. Qxc3 Qf6 12. Ba3 Qxc3 13. Nxc3 Bg4 14. Nd2 Nd4 15. Rac1 Ne7 16. Rfe1 Nec6 17. g3 h5 18. Nd5 Rc8 19. Nxc7 Ke7 20. e5 Kd7 21. exd6 g6 22. Ne4 Ne5 23. Nc5+ Kxd6 24. Nxb7+ Kd7 25. Rxe5 Rxc7 26. Re7+ 1-0

[Event "Dundee & Angus Congress Major"]
[Site "Dundee"]
[Date "2011.10.15"]
[Round "3"]
[White "Pannwitz, Kai"]
[Black "Cunningham, Jim M"]
[Result "1-0"]
[WhiteElo "1230"]
[BlackElo "1611"]
[PlyCount "79"]
[EventDate "2011.10.14"]
[EventType "swiss"]
[EventRounds "5"]
[EventCountry "SCO"]
[SourceTitle "EXT 2023"]
[Source "ChessBase"]
[SourceDate "2022.10.05"]
[SourceVersion "1"]
[SourceVersionDate "2022.10.05"]
[SourceQuality "1"]

1. Nf3 d6 2. c4 Nf6 3. g3 g6 4. Bg2 c5 5. d4 Bg7 6. dxc5 Qa5+ 7. Bd2 Qxc5 8. Qb3 Nc6 9. Be3 Qb4+ 10. Qxb4 Nxb4 11. Na3 a6 12. 0-0 0-0 13. Rfd1 Rb8 14. Bd4 Nc6 15. Bc3 Bf5 16. Nd4 Nxd4 17. Bxd4 Rfc8 18. Ba7 Ra8 19. Bd4 Rab8 20. Rac1 b6 21. b3 Bd7 22. Nc2 a5 23. Ne3 b5 24. Ba7 Ra8 25. Bxa8 Rxa8 26. Bd4 b4 27. Nd5 e5 28. Nxf6+ Bxf6 29. Bb6 Be7 30. Bc7 Ra6 31. c5 Bg5 32. e3 Bg4 33. Rxd6 Rxd6 34. Bxd6 Bd8 35. c6 Bb6 36. c7 Bc8 37. Bxe5 Kf8 38. Rd1 Ke7 39. Rd8 Bxc7 40. Bxc7 1-0